Diseño hidrológico e hidráulico de drenajes menores de carreteras

Na minha lista:
Detalhes bibliográficos
Autor principal: Gamboa, Ramiro
Formato: Desconhecido
Publicado em: San José, Costa Rica 1969
Tags: Adicionar Tag
Sem tags, seja o primeiro a adicionar uma tag!

MARC

LEADER 00000 a2200000 4500
003 011283
005 20221231143813.0
008 140114s1969 c a m 000 ||s d
040 |c cru CEDI 
090 |a TFG 340 
100 |a Gamboa, Ramiro  |9 17789 
245 |a Diseño hidrológico e hidráulico de drenajes menores de carreteras 
260 |c 1969  |a San José, Costa Rica 
300 |a  iv, 101 hojas : ilustraciones ; 28 cm.  
500 |a Segunda reproducción de la Tesis de Grado presentada por el Ing. Ramiro Gamboa a la Escuela de Ingeniería Civil de la Universidad de Costa Rica  
942 |c TFG 
999 |c 12239  |d 12239